| 000 | 00734nam a22002297a 4500 | ||
|---|---|---|---|
| 005 | 20170124110013.0 | ||
| 010 | _aA-938194 | ||
| 020 |
_c00.00 _a0333923979 |
||
| 035 | _aA-938194 | ||
| 037 | _bCen Lib/Ret | ||
| 040 |
_aDPL _bEN |
||
| 082 |
_a300.72 _bDIW |
||
| 100 |
_aDwivedi, R. S. _93288 |
||
| 245 |
_aResearch method in behavioural sciences / _cby R. S. Dwivedi |
||
| 260 |
_aNew Delhi _bMacmillan _c1997 |
||
| 270 |
_bNew Delhi _a2/10, Ansari Road, Darya Ganj _e110002 |
||
| 300 |
_aviii,256p. _c22cm(Hb) |
||
| 500 | _aIncludes bibliographical references and index | ||
| 650 |
_aSocial sciences -- Research -- Methodology _918150 |
||
| 650 |
_aSocial sciences _918151 |
||
| 942 |
_2ddc _cEN _h300.72 _mDIW |
||
| 999 |
_c126676 _d126676 |
||